Dopady finančnej krízy na decentralizované verejné rozpočty diplomová práca

Na minha lista:
Detalhes bibliográficos
Autor principal: Mišík, Viliam
Autor Corporativo: Národohospodárska fakulta EU. Katedra financií
Outros Autores: Péliová, Jana, 1976-
Formato: Livro
Idioma:eslovaco
Publicado em: Bratislava 2011
Tags: Adicionar Tag
Sem tags, seja o primeiro a adicionar uma tag!

MARC

LEADER 00000nbm a2200000 4500
001 0130902
005 20161109101629.1
041 0 |a slo 
044 |a SK 
245 1 0 |a Dopady finančnej krízy na decentralizované verejné rozpočty  |b diplomová práca  |c Viliam Mišík ; školiteľ: Jana Péliová 
264 1 |a Bratislava  |c 2011 
300 |a 69 s. 
100 1 |a Mišík, Viliam 
700 1 |a Péliová, Jana, 1976- 
710 2 |a Národohospodárska fakulta EU. Katedra financií